00526nam a2200169Ia 4500003000400000005001700004008004100021020001800062040000900080082001800089100002400107245011700131250001200248260006700260300000900327650002000336OSt20200804144440.0190216s9999||||xx |||||||||||||| ||und|| a9780070682580 coclc a515.63bLIP/V aLipschutz, Seymour  0aVector Analysis and an Introduction To Tensor Analysis /cSeymour Lipschutz ; Dennis Spellman ; Murray R Spiegel a2nd Ed. bTata Mcgraw-Hill Education Private Limited,c2009.aNew Delhi: a238p aVector Analysis